Aktywa i pasywa - Statystyki

Ogólne statystyki
  • Ten quiz został rozwiązany 25 razy
  • Średni wynik to 13 z 26
Statystyki odpowiedzi
AKTYWA/PASYWA ODPOWIEDŹ % Poprawnych
A. Aktywa trwałe:
92%
A. Kapitał własny:
92%
B. Aktywa obrotowe:
75%
I. Zapasy.
75%
IV. Inwestycje długoterminowe.
67%
III. Inwestycje krótkoterminowe.
67%
I. Wartości niematerialne i prawne.
67%
III. Należności długoterminowe.
58%
II. Należności krótkoterminowe.
58%
II. Rzeczowe aktywa trwałe.
58%
I. Kapitał podstawowy.
50%
II. Zobowiązania długoterminowe.
50%
III. Zobowiązania krótkoterminowe.
50%
II. Kapitał zapasowy.
42%
I. Rezerwy na zobowiązania.
42%
B. Zobowiązania i rezerwy na zobowiązania:
42%
V. Długoterminowe rozliczenia międzyokresowe.
33%
IV. Krótkoterminowe rozliczenia międzyokresowe.
33%
IV. Rozliczenia międzyokresowe.
33%
V. Zysk (strata) z lat ubiegłych.
33%
III. Kapitał z aktualizacji wyceny.
25%
VII. Odpisy z zysku netto w ciągu roku obrotowego.
25%
IV. Pozostałe kapitały rezerwowe.
25%
D. Udziały (akcje) własne.
25%
VI. Zysk (strata) netto.
25%
C. Należne wpłaty na kapitał podstawowy.
17%
Nie znaleziono quizów pasujących do podanych kryteriów
Rozkład punktacji
Procent ludzi z każdym wynikiem
Percentyl według liczby udzielonych odpowiedzi
Twoja historia wyników
Nie rozwiązałeś tego quizu